000 00613nam a2200205 u 4500
005 20231017063645.0
008 111004s2003 usa r 000 0 spa d
020 _a0881137650
035 _aUPN01000182031
049 _aCG
050 4 _aBF378 A7.5
_bM3.2
100 1 _aMaxwell, John C.,
_d1947-
_930190
245 1 0 _aActitud 101 :
_blo que todo lĂ­der necesita saber /
_cJohn C. Maxwell ; tr. Ricardo Acosta.
260 _aMiami, EUA :
_bCaribe-Betania,
_cc2003.
300 _a103 p.
650 2 _aCambio de actitud
_9970
650 4 _aLiderazgo
_95345
650 2 _aTrabajo en equipo
_95093
905 _aLibro
999 _c154134
_d154134